The price of land : (Record no. 74933)

MARC details
000 -LEADER
fixed length control field 00793nam a22002417a 4500
005 - DATE AND TIME OF LATEST TRANSACTION
control field 20130501114346.0
010 ## - LCCN (DPL NO)
LC control number ENG-106936
020 ## - INTERNATIONAL STANDARD BOOK NUMBER
International Standard Book Number 9780198089544
Terms of availability 825.00
020 ## - INTERNATIONAL STANDARD BOOK NUMBER
International Standard Book Number 0198089546
Terms of availability 825.00
035 ## - SYSTEM CONTROL NUMBER
System control number EN-90469
037 ## - SOURCE OF ACQUISITION
Source of stock number/acquisition DBAD/PUB
082 04 - DEWEY DECIMAL CLASSIFICATION NUMBER
Classification number 333.00954
Edition number 23
100 1# - MAIN ENTRY--PERSONAL NAME
Personal name Chakravorty, Sanjoy
245 14 - TITLE STATEMENT
Title The price of land :
Remainder of title acquisition, conflict, consequence /
Statement of responsibility, etc by Sanjoy Chakravorty
260 ## - PUBLICATION, DISTRIBUTION, ETC. (IMPRINT)
Place of publication, distribution, etc New Delhi
Name of publisher, distributor, etc Oxford University Press
Date of publication, distribution, etc 2013
270 ## - ADDRESS
Address YMCA Library Building, 1 Jai Singh Road
City New Delhi
Postal code 110001
300 ## - PHYSICAL DESCRIPTION
Extent xxx, 273 p.
Dimensions 24cm(Hb)
500 ## - GENERAL NOTE
General note Includes bibliographical references and index
650 #0 - SUBJECT ADDED ENTRY--TOPICAL TERM
Topical term or geographic name as entry element Land tenure
Geographic subdivision India.
650 #0 - SUBJECT ADDED ENTRY--TOPICAL TERM
Topical term or geographic name as entry element Land use
Geographic subdivision India.
942 ## - ADDED ENTRY ELEMENTS (KOHA)
Source of classification or shelving scheme Dewey Decimal Classification
Item type English Books
Classification part 333.00954
Call number suffix CHA
Holdings
Withdrawn status Lost status Not for loan Collection code Home library Current library Date acquired Source of acquisition Cost, normal purchase price Full call number Barcode Copy number Cost, replacement price Koha item type
    Not For Loan Non-fiction D.B.Act.Division D.B.Act.Division 29/04/2013 DBAD/PUB 825.00 333.00954 CHA EN-90469 1 825.00 English Books

© Delhi Public Library
Hit Counter
free hit counter